[Event "Scarborough Open"]
[Site "Scarborough"]
[Date "2022.10.30"]
[Round "4.3"]
[White "Mitchell, Martin"]
[Black "Longson, Sarah N"]
[Result "1/2-1/2"]
[WhiteElo "2197"]
[BlackElo "2008"]
[PlyCount "80"]
[EventDate "2022.10.28"]
[EventType "swiss"]
[EventRounds "5"]
[EventCountry "ENG"]
[SourceTitle "BritBase"]
[Source "John Saunders"]
[SourceDate "2023.11.11"]
[SourceVersion "1"]
[SourceVersionDate "2023.11.11"]
[SourceQuality "1"]

1. d4 d5 2. c4 c6 3. Nf3 Nf6 4. Nc3 e6 5. Bg5 Nbd7 6. e3 Qa5 7. Nd2 Bb4 8. Bxf6
Nxf6 9. Qc2 O-O 10. Bd3 dxc4 11. Nxc4 Qh5 12. Ne5 Bd6 13. f4 Nd5 14. Qf2 f6 15.
Nc4 Bb4 16. O-O Bxc3 17. bxc3 Nxc3 18. e4 Bd7 19. Nd6 Rab8 20. f5 exf5 21. exf5
Nd5 22. Be4 Rfd8 23. Rfe1 Be8 24. Bf3 Qh6 25. Bxd5+ cxd5 26. Re6 Bc6 27. Rae1
Qg5 28. h4 Qg4 29. R1e3 Qd1+ 30. Kh2 Qg4 31. Qe1 h6 32. Rg3 Qxh4+ 33. Kg1 Qxd4+
34. Kh2 Qf4 35. Re7 Qh4+ 36. Kg1 Qd4+ 37. Kf1 Qf4+ 38. Kg1 Qd4+ 39. Kh2 Qf4 40.
Rexg7+ Kh8 1/2-1/2

[Event "Scarborough Open"]
[Site "Scarborough"]
[Date "2022.10.30"]
[Round "4.4"]
[White "Pal, Rohan"]
[Black "Townsend, M Paul"]
[Result "1-0"]
[WhiteElo "1871"]
[BlackElo "2145"]
[PlyCount "49"]
[EventDate "2022.10.28"]
[EventType "swiss"]
[EventRounds "5"]
[EventCountry "ENG"]
[SourceTitle "BritBase"]
[Source "John Saunders"]
[SourceDate "2023.11.11"]
[SourceVersion "1"]
[SourceVersionDate "2023.11.11"]
[SourceQuality "1"]

1. e4 e6 2. d3 d5 3. Qe2 Be7 4. Nf3 c5 5. g3 Nc6 6. Bg2 Nf6 7. O-O O-O 8. e5
Ne8 9. c4 f6 10. exf6 Bxf6 11. Nc3 Nd4 12. Qd1 Nc7 13. Bf4 Nxf3+ 14. Bxf3 e5
15. Bd2 d4 16. Ne4 Ne6 17. Qe2 Rb8 18. Nxf6+ gxf6 19. Bd5 Kh8 20. f4 Nc7 21.
Be4 Bh3 22. Rf2 Qd7 23. f5 Rg8 24. Qh5 Bg4 25. Qh4 1-0

[Event "Scarborough Open"]
[Site "Scarborough"]
[Date "2022.10.30"]
[Round "4.6"]
[White "Grose, Kameron"]
[Black "Burnett, James"]
[Result "0-1"]
[WhiteElo "1573"]
[BlackElo "2084"]
[PlyCount "120"]
[EventDate "2022.10.28"]
[EventType "swiss"]
[EventRounds "5"]
[EventCountry "ENG"]
[SourceTitle "BritBase"]
[Source "John Saunders"]
[SourceDate "2023.11.11"]
[SourceVersion "1"]
[SourceVersionDate "2023.11.11"]
[SourceQuality "1"]

1. e4 e6 2. d4 d5 3. Nd2 c5 4. exd5 Qxd5 5. Ngf3 cxd4 6. Bc4 Qd6 7. O-O Nf6 8.
Nb3 Nc6 9. Nbxd4 Nxd4 10. Nxd4 a6 11. a4 Qc7 12. Qe2 Bd6 13. h3 O-O 14. Bg5 Qc5
15. Be3 Qc7 16. Bd3 Bd7 17. Bg5 Nd5 18. Qe4 g6 19. Qh4 Rfe8 20. Nf3 Nb4 21. Bf6
Nxd3 22. Ng5 h5 23. cxd3 Bh2+ 24. Kh1 Qf4 25. Ne4 Qxh4 26. Bxh4 Be5 27. Bf6 Bc7
28. Rac1 Bc6 29. Nc5 Bf4 30. Rc4 Bh6 31. Ne4 Bg7 32. Bxg7 Kxg7 33. f3 Red8 34.
Nf2 Rd7 35. Rd1 Rad8 36. Kg1 Rd4 37. Kf1 Rxc4 38. dxc4 Rxd1+ 39. Nxd1 Bxa4 40.
Ne3 Kf6 41. f4 e5 42. g3 exf4 43. gxf4 g5 44. Nd5+ Kf5 45. fxg5 Kxg5 46. Kg2
Bc6 47. Kg3 h4+ 48. Kf3 Kf5 49. Ke3 Bxd5 50. cxd5 Ke5 51. Kf3 f5 52. d6 Kxd6
53. Kf4 Ke6 54. Kg5 a5 55. Kxh4 Kf6 56. Kg3 a4 57. h4 b5 58. h5 b4 59. h6 a3
60. h7 Kg7 0-1

[Event "Scarborough Open"]
[Site "Scarborough"]
[Date "2022.10.30"]
[Round "4.7"]
[White "Dilleigh, Stephen P"]
[Black "Hobson, Kenneth"]
[Result "1-0"]
[WhiteElo "2041"]
[BlackElo "2031"]
[PlyCount "121"]
[EventDate "2022.10.28"]
[EventType "swiss"]
[EventRounds "5"]
[EventCountry "ENG"]
[SourceTitle "BritBase"]
[Source "John Saunders"]
[SourceDate "2023.11.11"]
[SourceVersion "1"]
[SourceVersionDate "2023.11.11"]
[SourceQuality "1"]

1. Nf3 Nf6 2. c4 e6 3. Nc3 b6 4. g3 Bb7 5. Bg2 Be7 6. O-O O-O 7. d4 Ne4 8. Qc2
Nxc3 9. Qxc3 c5 10. b3 Bf6 11. Bb2 Nc6 12. Qd2 Nxd4 13. Nxd4 Bxg2 14. Kxg2 cxd4
15. Bxd4 Be7 16. Bb2 Qc7 17. Rad1 Rfd8 18. e4 Qc6 19. f3 Rac8 20. Qd3 a6 21. a4
h6 22. Be5 d6 23. Bd4 d5 24. cxd5 exd5 25. e5 Qc2+ 26. Rf2 Qxd3 27. Rxd3 b5 28.
axb5 axb5 29. Bb6 Rd7 30. Rfd2 Rb8 31. Ba5 f6 32. exf6 Bxf6 33. Rxd5 Rxd5 34.
Rxd5 Kf7 35. Bb4 Ke6 36. Rd6+ Ke5 37. Rd3 Ke6 38. Bc3 Bxc3 39. Rxc3 Kd5 40. b4
Kd4 41. Rc5 Ke3 42. f4 Rb7 43. f5 Rb6 44. Rc7 g6 45. fxg6 Rxg6 46. Rc5 Rb6 47.
Kh3 Kf3 48. g4 Kf4 49. Kh4 Kf3 50. Kh5 Kf4 51. h4 Rb8 52. g5 hxg5 53. hxg5 Rh8+
54. Kg6 Rg8+ 55. Kf6 Rf8+ 56. Kg7 Rb8 57. g6 Rb7+ 58. Kh6 Kg4 59. g7 Rb6+ 60.
Kh7 Rb7 61. Kh8 1-0

[Event "Scarborough Open"]
[Site "Scarborough"]
[Date "2022.10.30"]
[Round "5.1"]
[White "Burnett, James"]
[Black "Makkar, Rajat"]
[Result "0-1"]
[WhiteElo "2084"]
[BlackElo "2399"]
[PlyCount "72"]
[EventDate "2022.10.28"]
[EventType "swiss"]
[EventRounds "5"]
[EventCountry "ENG"]
[SourceTitle "BritBase"]
[Source "John Saunders"]
[SourceDate "2023.11.11"]
[SourceVersion "1"]
[SourceVersionDate "2023.11.11"]
[SourceQuality "1"]

1. d4 d5 2. c4 c6 3. Nf3 Nf6 4. e3 e6 5. b3 Ne4 6. Bb2 Bb4+ 7. Nbd2 Qf6 8. Qe2
Nd7 9. a3 Bd6 10. Nxe4 dxe4 11. Nd2 Qg6 12. g3 e5 13. Bg2 f5 14. O-O O-O 15. c5
Bc7 16. Nc4 b5 17. cxb6 axb6 18. dxe5 Ba6 19. Qc2 Qe6 20. Rfc1 Rfd8 21. Bf1 Nc5
22. Rd1 b5 23. Nd6 Nxb3 24. Rab1 Na5 25. Nxb5 Rxd1 26. Nxc7 Rxb1 27. Qxb1 Qb3
28. Nxa8 Bxf1 29. Kxf1 Nc4 30. Qc1 Nxb2 31. Qxc6 Qd1+ 32. Kg2 Qf3+ 33. Kg1 h5
34. h4 Nd3 35. Qc8+ Kh7 36. Qc2 Ne1 0-1

[Event "Scarborough Open"]
[Site "Scarborough"]
[Date "2022.10.30"]
[Round "5.2"]
[White "Jaunooby, Ali Reza"]
[Black "Fava, Lorenzo"]
[Result "0-1"]
[WhiteElo "2139"]
[BlackElo "1828"]
[PlyCount "82"]
[EventDate "2022.10.28"]
[EventType "swiss"]
[EventRounds "5"]
[EventCountry "ENG"]
[SourceTitle "BritBase"]
[Source "John Saunders"]
[SourceDate "2023.11.11"]
[SourceVersion "1"]
[SourceVersionDate "2023.11.11"]
[SourceQuality "1"]

1. d4 f5 2. g4 fxg4 3. e4 b6 4. Qxg4 Nf6 5. Qh4 Bb7 6. f3 e6 7. Bd3 Qe7 8. e5
Nd5 9. Bg5 Qf7 10. Be4 Nc6 11. Ne2 Be7 12. Nbc3 Ne3 13. Rg1 Nf5 14. Qf4 Bxg5
15. Qxg5 h6 16. Qg6 Qxg6 17. Rxg6 Nce7 18. Rg1 O-O-O 19. O-O-O Rdf8 20. h4 Nxh4
21. Rxg7 Nef5 22. Rgg1 Nxf3 23. Rh1 h5 24. Bxb7+ Kxb7 25. Ne4 Ne3 26. Rd3 Ng4
27. Nf6 Nxf6 28. Rxf3 Ne4 29. Rf4 Rxf4 30. Nxf4 Ng3 31. Rh3 h4 32. Kd2 Nf5 33.
Kd3 Rg8 34. Ke4 Rg1 35. c3 Kc8 36. Rh2 Rg8 37. Kf3 Kd8 38. Rg2 Rh8 39. Rg5 Ke8
40. Kg4 h3 41. Ng6 h2 0-1

[Event "Scarborough Open"]
[Site "Scarborough"]
[Date "2022.10.30"]
[Round "5.3"]
[White "Wall, Timothy P"]
[Black "Dilleigh, Stephen P"]
[Result "1/2-1/2"]
[WhiteElo "2290"]
[BlackElo "2041"]
[PlyCount "102"]
[EventDate "2022.10.28"]
[EventType "swiss"]
[EventRounds "5"]
[EventCountry "ENG"]
[SourceTitle "BritBase"]
[Source "John Saunders"]
[SourceDate "2023.11.11"]
[SourceVersion "1"]
[SourceVersionDate "2023.11.11"]
[SourceQuality "1"]

1. d4 d5 2. Nc3 Nf6 3. Bf4 c5 4. e4 Nxe4 5. Nxe4 dxe4 6. dxc5 Qa5+ 7. c3 Qxc5
8. Qa4+ Nc6 9. Qxe4 Bf5 10. Qa4 e5 11. Be3 Qa5 12. Qxa5 Nxa5 13. O-O-O Be6 14.
Bb5+ Nc6 15. Nf3 f6 16. Kb1 Be7 17. Rd2 Kf7 18. Rhd1 Rhc8 19. b3 a6 20. Bd3 g6
21. Be4 Rd8 22. Bb6 Rxd2 23. Rxd2 Rc8 24. Kb2 Ke8 25. Be3 Rd8 26. Bxc6+ bxc6
27. Bb6 Rxd2+ 28. Nxd2 f5 29. Bc7 Bf6 30. Nf3 Bd5 31. Bxe5 Bxf3 32. Bxf6 Bxg2
33. Ka3 Kd7 34. Kb4 Kc7 35. Kc5 f4 36. Be5+ Kb7 37. Bxf4 Be4 38. Bh6 Bb1 39. a3
Bc2 40. b4 Kc7 41. Bf4+ Kd7 42. c4 Bd3 43. a4 h5 44. b5 cxb5 45. axb5 axb5 46.
cxb5 Kc8 47. Kc6 Be4+ 48. Kd6 Kb7 49. Be3 Bd3 50. b6 Bc2 51. Ke5 Bd3 1/2-1/2

[Event "Scarborough Open"]
[Site "Scarborough"]
[Date "2022.10.30"]
[Round "5.4"]
[White "Ashton, Adam G"]
[Black "Atako, Chino"]
[Result "1-0"]
[WhiteElo "2357"]
[BlackElo "2045"]
[PlyCount "47"]
[EventDate "2022.10.28"]
[EventType "swiss"]
[EventRounds "5"]
[EventCountry "ENG"]
[SourceTitle "BritBase"]
[Source "John Saunders"]
[SourceDate "2023.11.11"]
[SourceVersion "1"]
[SourceVersionDate "2023.11.11"]
[SourceQuality "1"]

1. e4 c5 2. c3 Nf6 3. e5 Nd5 4. Nf3 e6 5. d4 cxd4 6. cxd4 Nc6 7. Bc4 Nb6 8. Bb3
d6 9. Qe2 Be7 10. O-O d5 11. Nc3 a6 12. a3 Bd7 13. Bc2 Rc8 14. Rd1 Na5 15. h3
h5 16. Rd3 g6 17. Qd2 Nbc4 18. Qf4 b5 19. h4 Nb7 20. Qg3 a5 21. Ng5 b4 22. Nxf7
Bxh4 23. Qxg6 Bxf2+ 24. Kf1 1-0

[Event "Scarborough Open"]
[Site "Scarborough"]
[Date "2022.10.30"]
[Round "5.6"]
[White "Longson, Sarah N"]
[Black "Alldritt, Nigel RE"]
[Result "1-0"]
[WhiteElo "2008"]
[BlackElo "2018"]
[PlyCount "61"]
[EventDate "2022.10.28"]
[EventType "swiss"]
[EventRounds "5"]
[EventCountry "ENG"]
[SourceTitle "BritBase"]
[Source "John Saunders"]
[SourceDate "2023.11.11"]
[SourceVersion "1"]
[SourceVersionDate "2023.11.11"]
[SourceQuality "1"]

1. e4 e6 2. d4 d5 3. Nc3 Bb4 4. exd5 exd5 5. Bd3 Nf6 6. Bg5 O-O 7. Nge2 Re8 8.
O-O c6 9. Re1 Nbd7 10. Qd2 Nf8 11. Ng3 Ne6 12. Bh4 Ne4 13. Rxe4 g5 14. Rxe6
Bxe6 15. Bxg5 f6 16. Bh4 Bf8 17. Qf4 Bg7 18. Nh5 Rf8 19. Nxg7 Kxg7 20. Re1 Bf7
21. Re3 Bg6 22. Rg3 Qe8 23. Ne2 Rd8 24. Re3 Qd7 25. Qg3 Rde8 26. Nf4 Rxe3 27.
fxe3 f5 28. Nh5+ Kf7 29. Qg5 Qe6 30. Bg3 Ke8 31. Ng7+ 1-0

[Event "Scarborough Open"]
[Site "Scarborough"]
[Date "2022.10.30"]
[Round "5.7"]
[White "Hobson, Kenneth"]
[Black "Cooper, John G"]
[Result "1/2-1/2"]
[WhiteElo "2031"]
[BlackElo "2155"]
[PlyCount "155"]
[EventDate "2022.10.28"]
[EventType "swiss"]
[EventRounds "5"]
[EventCountry "ENG"]
[SourceTitle "BritBase"]
[Source "John Saunders"]
[SourceDate "2023.11.11"]
[SourceVersion "1"]
[SourceVersionDate "2023.11.11"]
[SourceQuality "1"]

1. e4 c5 2. Nf3 Nc6 3. Bb5 g6 4. Bxc6 bxc6 5. O-O Bg7 6. c3 Nh6 7. d4 cxd4 8.
cxd4 O-O 9. Nc3 d6 10. h3 f5 11. e5 dxe5 12. Qb3+ Nf7 13. dxe5 Qb6 14. Bf4 Qxb3
15. axb3 Rd8 16. Rfd1 Rxd1+ 17. Rxd1 Be6 18. Nd4 Nd8 19. Na4 Bd5 20. Nc5 e6 21.
Bg3 g5 22. f4 Bh6 23. Ne2 Rc8 24. fxg5 Bxg5 25. Bf4 Be7 26. Be3 Nf7 27. Ra1
Nxe5 28. Rxa7 Ng6 29. Nd3 Bf6 30. Nef4 Bxb3 31. Nh5 Bh8 32. Nc5 Bd1 33. g4 Nf8
34. Bh6 Bd4+ 35. Kf1 fxg4 36. hxg4 Bxg4 37. Bg7 Bxh5 38. Bxd4 Bf7 39. Ne4 e5
40. Nd6 Rd8 41. Bxe5 Ng6 42. Bg3 Rf8 43. Ke2 Bd5 44. Be1 Nf4+ 45. Kd2 h5 46.
Bg3 Ng6 47. Ra4 Rf3 48. Bh4 Kg7 49. Rd4 Nxh4 50. Rxh4 Kg6 51. b4 Kg5 52. Rd4
Rf4 53. Ke3 Rf6 54. Ne4+ Bxe4 55. Rxe4 h4 56. Re5+ Kg4 57. b5 cxb5 58. Rxb5 h3
59. Rb8 Kg3 60. Rg8+ Kh2 61. Ke2 Ra6 62. Kf2 Ra2+ 63. Kf1 Rg2 64. Rh8 Rg7 65.
Kf2 Rf7+ 66. Ke2 Rf4 67. Rg8 Ra4 68. Kf2 Ra2+ 69. Kf1 Rg2 70. Rh8 Rg4 71. Rf8
Kh1 72. Rf3 h2 73. Rf8 Ra4 74. Rg8 Ra1+ 75. Kf2 Rg1 76. Rh8 Rg7 77. Rf8 Rg2+
78. Kf1 1/2-1/2

[Event "Scarborough Open"]
[Site "Scarborough"]
[Date "2022.10.30"]
[Round "5.8"]
[White "Townsend, M Paul"]
[Black "Nicholson, James W R"]
[Result "1-0"]
[WhiteElo "2145"]
[BlackElo "1965"]
[PlyCount "99"]
[EventDate "2022.10.28"]
[EventType "swiss"]
[EventRounds "5"]
[EventCountry "ENG"]
[SourceTitle "BritBase"]
[Source "John Saunders"]
[SourceDate "2023.11.11"]
[SourceVersion "1"]
[SourceVersionDate "2023.11.11"]
[SourceQuality "1"]

1. Nf3 d5 2. c4 c6 3. g3 Nf6 4. Bg2 dxc4 5. O-O g6 6. Na3 Bg7 7. Nxc4 O-O 8. b3
Bg4 9. Bb2 Na6 10. Rc1 Nb4 11. a3 Nbd5 12. b4 a6 13. Nfe5 Be6 14. e4 Nb6 15.
Na5 Rb8 16. d4 Nfd7 17. Nd3 f5 18. d5 cxd5 19. Bxg7 Kxg7 20. Nf4 Bf7 21. exd5
Nf6 22. Ne6+ Bxe6 23. dxe6 Ne4 24. Qxd8 Rfxd8 25. Rc7 Kf6 26. Nxb7 Rd3 27. Bxe4
fxe4 28. Nc5 Rxa3 29. Rd1 Rc8 30. Rb7 Na4 31. Nxe4+ Kxe6 32. Re1 Re8 33. Ra7
Nb6 34. b5 Nc8 35. Rxa6+ Rxa6 36. bxa6 Nb6 37. Ng5+ Kd6 38. Re6+ Kc7 39. Nxh7
Nd5 40. Rxg6 Ra8 41. h4 Nb4 42. h5 Rh8 43. a7 Kb7 44. Rg7 Nc6 45. g4 Kxa7 46.
Ng5 Kb8 47. Nf7 Rf8 48. h6 Nd4 49. h7 Ne6 50. Rg8 1-0